000 00346 a2200157 4500
001 150964
040 _cEscola São Tomás de Aquino
100 _aBANDEIRA, Pedro
240 1 0 _aPânico na escola
_lpor
245 1 0 _aPânico na escola
300 _a151
362 0 _a2013
440 1 _aModerna
697 _a*LITERATURA JUVENIL
942 _cBK
999 _c150964
_d150964